Statistiques concernant 2 ème tour 2022. Les 28 Départements ayant placé Le Pen en tete

Cliquez ici pour prendre le quiz!

Statistiques générales

  • Ce quiz a été pris 85 fois
    (84 depuis la dernière actualisation)
  • Le résultat moyen est 17 sur 28

Statistiques - réponses

% des suffrages exprimèsDépartement% Correct
57,49Pas de Calais
91%
59,91Aisne
79%
55,10Var
79%
51,01Somme
73%
52,73Oise
71%
69,60Guadeloupe
66%
60,87Martinique
66%
59,57La Réunion
65%
59,10Mayotte
65%
56,32Pyrenees orientales
64%
56,96Haute Marne
62%
56,66Ardennes
61%
52,15Gard
61%
51,68Aube
60%
52,00Vaucluse
60%
54,90Aude
58%
58,31Corse du Sud
58%
60,70Guyane
58%
57,87Haute Corse
58%
55,61Meuse
58%
51,38Eure
55%
51,59Yonne
52%
52,42Vosges
51%
51,45Alpes de haute provence
47%
56,90Haute Saone
44%
50,11Nievre
44%
52,02Tarn et garonne
44%
50,47Lot et garonne
40%

Distribution des résultats

Percentile par nombre de réponses

% des personnes avec chaque résultat

Votre développement - résultats

Vous n’avez pas pris ce quiz depuis la dernière actualisation